00340 2200145 4500001002100000005001500021035002000036245004900056100001200105300001200117260003100129082000800160084001400168990001200182INLIS00000000000192820250521022153 a0010-05250002201 aMawar Mekar Bukan Karena Mekar /cV. Lestari0 aLestari a411 hlm aJakarta :bGramedia,c1999 a813 a813 LES m a0713447